| 000 | 00850cab a2200205 4500 | ||
|---|---|---|---|
| 001 | ABS68822 | ||
| 008 | 050314n2005 000 0 eng u | ||
| 035 | _a(Sirsi) u129044 | ||
| 100 | _aBrown, C. | ||
| 245 | _aIt's all in the plan | ||
| 260 | _c2005 | ||
| 490 |
_aGreen Places _v(13) March 2005, 19-20(2) |
||
| 520 | _aAdvocates and outlines development plans that country parks should have in place to take full advantage of new funding opportunities when they arise. Approaching a funding body with a well prepared plan in place will demonstrate commitment and improve the chances of gaining an award. Presents Staunton Country Park in Havant, Hampshire as a case study. | ||
| 590 | _aABS | ||
| 650 | _aCOUNTRY PARKS | ||
| 650 | _aFUNDING | ||
| 650 | _aLOCAL DEVELOPMENT PLANS | ||
| 690 | _aPROPERTY-PROPERTY DEVELOPMENT | ||
| 942 | _n0 | ||
| 999 |
_c74914 _d74914 |
||